Quizzes
Events
Quiz Creation
Community
Videos
Private Events
Remove Ads
Sign In
Join for FREE
Feedback
Dark Mode
Quiz Categories
Sports
Geography
Music
Movies
Television
Just For Fun
Miscellaneous
History
Literature
Language
Science
Gaming
Entertainment
Religion
Holiday
For Kids
Quiz Lab
Recent
Popular Today
Quiz Kudos Today
Editor Picks
Curator Picks
Quizzes by...
Day
Popularity
Type
Ratings
Length
Year
Community
Subscriptions
Recent Discussions
Orange Saloon
Badges
Playlists
Quests
Create
Leaderboards
Showdown
Live 5
Trivia Bingo
Activity
Puzzle Library
Sporcle Events
Private Events
Virtual Trivia
Globe League
Become a Host
Pub Owners
SporcleCon
Opinionation
Our Games
Videos
Blog
Mobile Apps
Partnerships
Remove Ads and Go Orange
Feedback
Sports
Athletes
MLB
NBA
NHL
NFL
Soccer
Sports Teams
WWE
NCAA
Football
Premier League
Basketball
Baseball
Hockey
Golf
Tennis
Cricket
Rugby
Auto Racing
Olympics
World Cup
Sports
Athletes
MLB
NBA
NHL
NFL
Soccer
Sports Teams
WWE
NCAA
Football
Premier League
Basketball
Baseball
Hockey
Golf
Tennis
Cricket
Rugby
Auto Racing
Olympics
World Cup
Random Quiz
Search Sporcle
×
Quiz Lab
Quiz Lab
Sports
MLB
Type in answers that appear in a list
Type in answers that appear in a list
Classic
Best Score? Go Orange.
MLB Hall of Fame 1985 Stats
Can you name the MLB Hall of Famers who played during the 1985 season?
By
Rayluxuryacht
10m
35 Questions
846 Plays
846 Plays
846 Plays
Comments
Comments
Give Quiz Kudos
Give Quiz Kudos
-
- Ratings
hide this ad
Replay
Link that replays current quiz
Next Quiz
Link to next quiz in quiz playlist
You Got
0%
They Got
Avg Score
74%
Avg Friend Score
Upgrade to see
Score Distribution
Jump to the score distribution portion of the page
Score
0/35
Timer
10:00
0
Plays Today
Answer
% Correct
Lee Smith
96.5%
George Brett
90.9%
Mike Schmidt
90.3%
Cal Ripken
90.2%
Robin Yount
89.1%
Reggie Jackson
88.4%
Steve Carlton
88.2%
Nolan Ryan
87.4%
Dave Winfield
87.2%
Ozzie Smith
87.1%
Rickey Henderson
86.5%
Eddie Murray
86.5%
Paul Molitor
86.1%
Tony Gwynn
85.3%
Tom Seaver
85.1%
Andre Dawson
85%
Ryne Sandberg
85%
Jim Rice
84.5%
Answer
% Correct
Gary Carter
84.1%
Wade Boggs
83.9%
Tim Raines
83.4%
Jack Morris
83.1%
Harold Baines
82.3%
Alan Trammell
81.4%
Phil Niekro
80.2%
Dennis Eckersley
78.1%
Carlton Fisk
78%
Bert Blyleven
77.3%
Goose Gossage
77.2%
Bruce Sutter
75.8%
Kirby Puckett
74.3%
Don Sutton
74.3%
Rollie Fingers
70.5%
Rod Carew
69.9%
Tony Perez
69.9%
Quiz Playlist
Details
Report
Send in Message
Add To Playlist
Classic:
Type in answers that appear in a list
Last Updated: Apr 5, 2017
Quiz Scoreboard
CHALLENGE
Sign Up to Join the Scoreboard
Show All
Scores
Hide
Comments
May contain spoilers
Recently Published
9x9 Crossword: Cartoon Network
by jackfrog10
Miscellaneous
3m
College Basketball Coaching Resumes
by pancakes188
Sports
9m
Billboard Blitz: Fleetwood Mac
by CooCooCachoo
Music
15s
More to Explore
Quiz From the Vault
Featured Blog Post
Where Did the Easter Bunny Come From?
hide this ad
You Might Also Like...
Tags
Baseball Quiz
MLB Quiz
Baseball Hall of Fame
Today's Top Quizzes in Sports
Browse Sports
hide this ad
Today's Top Quizzes in MLB
Browse MLB
Top Contributed Quizzes in Sports
1
2022 World Cup Stars
2
Les meilleurs buteurs des matchs entre le PSG et l’OM
3
FIFA Club World Cup Champions
4
Les entraîneurs de l'OM et du PSG au 21e siècle
5
Criteria MLB: Left Handed Sluggers
6
AFC Teams Reveal (Wrong Answers Minefield)
7
2023 MLB Unique Player Accomplishments
8
5-to-1: FBS Animal Nicknames
9
Players with Multiple 50 Home Run Seasons
10
5-to-1: UK Sports Teams
Explore More
Trending Topics
Kpop
Disney
Anime
Marvel
NBA
Crossword
Harry Potter
The Office
Pokémon
WWE
Soccer
Country
Puzzle
Song
NFL
hide this ad
More By:
Rayluxuryacht
Quiz
Plays
Rating
Category
Featured
Created
Criteria MLB Teams
213,176
3.70
Sports
Oct 10, 2013
My Little Pony Friendship Is Magic Criteria Characters
2,390
5.00
Television
Feb 24, 2015
MLB Hall of Fame 1985
846
4.65
Sports
Jul 4, 2015
Criteria World Series - 1980s
325
Sports
Jul 4, 2015
MLB: Name the Year
125
2.75
Sports
Oct 18, 2012
Go to Creator's Profile
Score Distribution
Quiz Creator Spotlight
Rayluxuryacht
Follow
Send a Message
Quizzes Created
-
Created Quiz Play Count
-
More By This Creator
Popular Quizzes Today
1
Find the US States - No Outlines Minefield
2
Find the Countries of Europe - No Outlines Minefield
3
The Countries of the World
4
Find the US States
5
Risky Map Clicking: Biggest States A-Z
6
US States
7
Popular People in 1961
8
Movies - When Are They Set?
More Sports Quizzes
England Players of the Match in Test cricket since 2000
Quiz Lab
Trending Quizzes
Risky Map Clicking: Least Populous States A-Z
1-10 Letter G Words
1-10 Letter F Words
Risky Map Clicking: Next State Alphabetically
Adjectives in 80s TV Shows
Recently Updated
Leaping Animals
pecheneg
Reality TV Shows (A-Z)
bhenderson79
Rickey Henderson's Hall of Fame Teammates
pecheneg
Champions League XIs: Arsenal
pecheneg
Quick Pick: Celebrities in WWE's Hall of Fame
aduchscher
A-Z Keypad Blitz II
pecheneg
Multiple Oscar Actors
pecheneg
Mystery Phrase Blitz: Oscar 'Best Actors'
pecheneg
F. Scott Fitzgerald Novels
LTH
Pick 3 Villains
ddd62291
Trending Topics
Anime
Harry Potter
NBA
Kpop
Crossword
Disney
Marvel
Country
Song
Soccer
WWE
NFL
Pokémon
The Office
Puzzle
Your Account Isn't Verified!
In order to create a playlist on Sporcle, you need to verify the email address you used during registration. Go to your
Sporcle Settings
to finish the process.
Report this User
Report this user for behavior that violates our
Community Guidelines
.
Details:
Send Report
Go to the Sporcle.com Mobile Site →
Comments